000 00366nam a2200145Ia 4500
005 20251222143233.0
008 251222s9999||||xx |||||||||||||| ||spa||
020 _a9786075224398
082 _a350.723.2/V66
100 _aVillagra Villanueva, José Antonio
245 0 _aIndicadores de Gestión:
250 _a1ra.ed.
264 _bCENGAGE Learning
942 _cLIB
999 _c14292
_d14292